| 000 | 01519nam0a2200373 4500 | ||
|---|---|---|---|
| 001 | RU\NLR\bibl\1815276 | ||
| 005 | 20260607062615.0 | ||
| 010 |
_a978-5-87288-401-9 _91000 |
||
| 021 |
_aRU _b2011-66807 _94705 |
||
| 035 | _a(nilc)RSL-KNO-004996705 | ||
| 035 | _a(NLR Aleph) 001805864 | ||
| 090 |
_a1808514 _c1808514 |
||
| 100 | _a20110830d2011 |||y0rusy50 ca | ||
| 101 | 0 | _arus | |
| 102 | _aRU | ||
| 105 | _aa ||||||||| | ||
| 200 | 1 |
_aДальний свет _eизбранные стихи, воспоминания _fСветлана Молева _g[сост.: М.Е. Устинов _gред.: к.филол.н. Л.Н. Донина _gвступ. ст. д.филол.н. А.И. Михайлова] |
|
| 210 |
_aСанкт-Петербург _cLogos _d2011 |
||
| 215 |
_a255 с. _cил. _d21 |
||
| 320 | _aБиблиогр.: с. 245-246 | ||
| 686 |
_aШ5(2=Р)75-6я44 _2rubbk |
||
| 686 | _aШ6(2=Р)75я44 | ||
| 700 | 1 |
_aМолева _bС. В. _gСветлана Васильевна _4070 |
|
| 702 | 1 |
_4220 _7ca _8rus _aУстинов _bМ. Е. _cпрозаик, критик _f1949- _gМихаил Евстратович _993988 _3RU\NLR\auth\77111063 |
|
| 702 | 1 |
_4340 _7ca _8rus _aДонина _bЛ. Н. _gЛюдмила Николаевна _9119059 _3RU\NLR\auth\779216 |
|
| 801 | 0 |
_aRU _bRuMoRKP _c20110830 _grcr |
|
| 801 | 1 |
_aRU _bRuMoRGB _c20110830 |
|
| 801 | 2 |
_aRU _bNLR _c20111003 _grcr |
|
| 830 | _aавт. по кн. | ||
| 942 | _cBOOK | ||
| 980 | _aNB | ||
| 980 | _aNBR | ||